Sự đảo lộn của thế giới. Địa chính trị thế kỷ XXI : Sách tham khảo /
Uloženo v:
| Hlavní autoři: | , |
|---|---|
| Další autoři: | |
| Médium: | Sách giấy |
| Jazyk: | Vietnamese |
| Vydáno: |
Hà Nội :
Chính trị Quốc gia ,
1996
|
| Tagy: |
Přidat tag
Žádné tagy, Buďte první, kdo otaguje tento záznam!
|
| Thư viện lưu trữ: | Thư viện Trường Đại học Đà Lạt |
|---|
| LEADER | 00780nam a2200277 4500 | ||
|---|---|---|---|
| 001 | DLU020012704 | ||
| 005 | ##5/27/2000 | ||
| 020 | # | # | |a 978- |
| 041 | # | # | |a vie |
| 082 | # | # | |a 327.1 |b TU-M |
| 090 | # | # | |a 327.1 |b TU-M |
| 100 | # | # | |a Nguyễn Văn Hiến |
| 100 | # | # | |a Phạm Thành |
| 245 | # | # | |a Sự đảo lộn của thế giới. Địa chính trị thế kỷ XXI : |b Sách tham khảo / |c Nguyễn Văn Hiến, Phạm Thành, Lê Xuân Tiềm, Tuarenơ Maridôn |
| 260 | # | # | |a Hà Nội : |b Chính trị Quốc gia , |c 1996 |
| 300 | # | # | |a 553 tr.; |c 20 cm. |
| 700 | # | # | |a Lê Xuân Tiềm |
| 992 | # | # | |a 40500 |
| 994 | # | # | |a DLU |
| 900 | # | # | |a False |
| 911 | # | # | |a Administrator |
| 925 | # | # | |a G |
| 926 | # | # | |a A |
| 927 | # | # | |a SH |
| 980 | # | # | |a Thư viện Trường Đại học Đà Lạt |